| 000 | 00472nam a2200157 i 4500 | ||
|---|---|---|---|
| 001 | 21967 | ||
| 003 | ES-MaACL | ||
| 007 | t| | ||
| 008 | 021128s1983 sp ||||1| spa d | ||
| 100 | 1 |
_aAlexandrian, Sarane. _919787 |
|
| 245 | 1 | 3 |
_aEl socialismo romántico / _cSarane Alexandrian ; [versión española Carmen Pallach]. |
| 260 |
_aBarcelona : _bLaia, _c[1983] |
||
| 300 |
_a359 p. ; _c20 cm. |
||
| 700 | 1 |
_aPallach, Carmen. _988562 |
|
| 852 |
_aES-MaACL _jL-5633 _bR.106165 |
||
| 999 |
_c21967 _d21967 |
||